01278nam a22002057a 45000010005000000030006000050050017000110080041000280200015000690400029000840500014001130820010001271000023001372450084001602600038002443000050002825200681003326500029010137000030010425794FISKH20250122153846.0250122b cb ||||| |||| 00| 0 eng d a0072863110 aFISKHbengcFISKHdFISKH aGN740.P75 a930.1 aPrice, T. Douglas  aImages of the past :bFourth edition /cby T. Douglas Price and Gary M. Feinman aNew York :bMcgraw-Hill , c2005. a562 pages : bcolor illustrations ; c28 cm . aThis well illustrated, full-color, site-by-site survey of prehistory captures the popular interest, excitement, and visual splendor of archaeology as it provides insight into the research, interpretations, and theoretical themes in the field. The new edition maintains the authors' innovative solutions to two central problems of the course: first, the text continues to focus on about 80 sites, giving students less encyclopedic detail but essential coverage of the discoveries that have produced the major insights into prehistory; second, it continues to be organized into essays on sites and concepts, allowing professors complete flexibility in organizing their courses.. aarchaeologyvnon-fiction aFeinman, Gary M. eauthor